Statistics for UEFA Euro 2004 Host Cities and Stadiums

Click here to take the quiz!

General Stats

  • This quiz has been taken 15 times
  • The average score is 10 of 18

Answer Stats

Answer% Correct
Lisboa
100%
Porto
100%
Braga
75%
Estádio do Dragão
75%
Coimbra
63%
Estádio do Sport Lisboa e Benfica
63%
Estádio José Alvalade
63%
Faro/Loulé
63%
Guimarães
63%
Leiria
63%
Estádio Algarve
50%
Aveiro
38%
Estádio D. Afonso Henriques
38%
Estádio Dr. Magalhães Pessoa
38%
Estádio Cidade de Coimbra
25%
Estádio do Bessa
25%
Estádio Municipal de Aveiro
25%
Estádio Municipal de Braga
25%

Score Distribution

Percentile by Number Answered

Percent of People with Each Score

Your Score History

You have not taken this quiz